000 00594nam a22002177a 4500
003 OSt
005 20220107122721.0
008 130820b xxu||||| |||| 00| 0 eng d
020 _a9783540694953
040 _cIIITM-K
082 _a551.0151 CAR/P
245 0 0 _aProgress in geomathematics
_cedited by Graeme Bonham-Carter, Cheng Qiuming
260 _aBerlin,
_bSpringer,
_c2008.
300 _axv, 553p.
650 _aGEOMATHEMATICS
_91923
650 _aECOLOGY
_91924
650 _aSPATIAL ANALYSIS
_91925
700 _aBonham-Carter, G
_91926
700 _aCheng, O
_91927
942 _2ddc
_cBK
999 _c3254
_d3254